000 00451nam a22001577a 4500
005 20251108172330.0
008 250721s1983 xx 000 0 ara d
082 1 4 _aط/926/غلي
245 1 0 _aعليليو /
264 1 _aبيروت :
_bمكدونالد الشر ق الأوسط،
_c1983.
300 _a24ص: مص
490 0 _aالعالم بين يديك : مشاهير ؛2
650 1 7 _aالمشاهير
942 _2ddc
_cBK
999 _c76437
_d76437